[Event "RUS-ch Blitz Women 2018"]
[Site "Sochi"]
[Date "2018.10.07"]
[Round "5"]
[White "Tomilova, Elena"]
[Black "Sirotkina, Nina"]
[Result "1/2-1/2"]
[WhiteElo "2328"]
[BlackElo "2188"]
[Annotator "ChessBase"]
[PlyCount "90"]
[EventDate "2018.10.07"]
[EventType "swiss"]
[EventCountry "RUS"]
[SourceTitle "playchess.com"]
[Source "ChessBase"]
[SourceQuality "1"]
[TimeControl "180+2"]

1. d4 {[%emt 0:00:00]} Nf6 {[%emt 0:00:00]} 2. Bg5 {[%emt 0:00:00]} d5 {[%emt 0:00:05]} 3. e3 {[%emt 0:00:01]} e6 {[%emt 0:00:05]} 4. Nd2 {[%emt 0:00:04]} Be7 {[%emt 0:00:01]} 5. Bd3 {[%emt 0:00:02]} O-O {[%emt 0:00:07]} 6. f4 {[%emt 0:00:05]} c5 {[%emt 0:00:13]} 7. c3 {[%emt 0:00:02]} b6 {[%emt 0:00:01]} 8. Ngf3 {[%emt 0:00:04]} Ba6 {[%emt 0:00:02]} 9. Bxa6 {[%emt 0:00:06]} Nxa6 {[%emt 0:00:01]} 10. Qe2 {[%emt 0:00:11]} Nc7 {[%emt 0:00:03]} 11. O-O {[%emt 0:00:06]} Nce8 {[%emt 0:00:05]} 12. Ne5 {[%emt 0:00:05]} Rc8 {[%emt 0:00:06]} 13. a4 {[%emt 0:00:09]} Nd6 {[%emt 0:00:02]} 14. Bxf6 {[%emt 0:00:11]} Bxf6 {[%emt 0:00:03]} 15. h3 {[%emt 0:00:27]} Be7 {[%emt 0:00:07]} 16. Kh1 {[%emt 0:00:10]} f6 {[%emt 0:00:03]} 17. Nef3 {[%emt 0:00:02]} Qd7 {[%emt 0:00:02]} 18. e4 {[%emt 0:00:08]} dxe4 {[%emt 0:00:13]} 19. Nxe4 {[%emt 0:00:02]} Nf5 {[%emt 0:00:25]} 20. Rfd1 {[%emt 0:00:14]} Qc6 {[%emt 0:00:05]} 21. Kh2 {[%emt 0:00:05]} Rfd8 {[%emt 0:00:04]} 22. dxc5 {[%emt 0:00:06]} bxc5 {[%emt 0:00:08]} 23. Nf2 {[%emt 0:00:18]} Kf7 {[%emt 0:00:02]} 24. Ng4 {[%emt 0:00:04]} Bd6 {[%emt 0:00:09]} 25. g3 {[%emt 0:00:09]} Re8 {[%emt 0:00:10]} 26. Ne3 {[%emt 0:00:22]} Nxe3 {[%emt 0:00:04]} 27. Qxe3 {[%emt 0:00:00]} Rcd8 {[%emt 0:00:01]} 28. a5 {[%emt 0:00:09]} Bc7 {[%emt 0:00:06]} 29. Re1 {[%emt 0:00:06]} Rd5 {[%emt 0:00:06]} 30. Qe4 {[%emt 0:00:04]} Qd7 {[%emt 0:00:04]} 31. Qxh7 {[%emt 0:00:04]} Rd3 {[%emt 0:00:08]} 32. Qe4 {[%emt 0:00:03]} Rd8 {[%emt 0:00:04]} 33. Re2 {[%emt 0:00:03]} Qd5 {[%emt 0:00:08]} 34. Rae1 {[%emt 0:00:09]} Rxf3 {[%emt 0:00:07]} 35. Qh7 {[%emt 0:00:06]} Re8 {[%emt 0:00:05]} 36. h4 {[%emt 0:00:03]} Rd3 {[%emt 0:00:02]} 37. h5 {[%emt 0:00:02]} Rd2 {[%emt 0:00:01]} 38. Qg6+ {[%emt 0:00:01]} Kf8 {[%emt 0:00:02]} 39. h6 {[%emt 0:00:01]} Rxe2+ 40. Rxe2 {[%emt 0:00:01]} gxh6 {[%emt 0:00:06]} 41. Qxf6+ {[%emt 0:00:01]} Kg8 {[%emt 0:00:02]} 42. Qg6+ {[%emt 0:00:02]} Kf8 {[%emt 0:00:01]} 43. Qf6+ {[%emt 0:00:01]} Kg8 {[%emt 0:00:00]} 44. Qg6+ {[%emt 0:00:02]} Kf8 {[%emt 0:00:01]} 45. Qf6+ {[%emt 0:00:01]} Kg8 1/2-1/2

[Event "RUS-ch Blitz Women 2018"]
[Site "Sochi"]
[Date "2018.10.07"]
[Round "5"]
[White "Protopopova, Anastasiya"]
[Black "Shuvalova, Polina"]
[Result "0-1"]
[WhiteElo "2308"]
[BlackElo "2421"]
[Annotator "TA"]
[PlyCount "116"]
[EventDate "2018.10.07"]
[EventType "swiss"]
[EventCountry "RUS"]
[SourceTitle "playchess.com"]
[Source "ChessBase"]
[SourceQuality "1"]

{[%evp 18,116,8,12,11,1,8,12,4,4,2,0,46,48,32,43,52,0,0,0,0,0,0,-18,0,-12,-1,-10,-10,-15,0,0,0,-13,-6,-34,0,-18,0,-37,-22,-126,-117,-179,-177,-173,-173,-173,-179,-245,-185,-212,-204,-295,-302,-283,-221,-519,-349,-343,-333,-383,-315,-605,-388,-441,-279,-764,-737,-947,-730,-902,-276,-231,-107,-178,-183,-212,-208,-290,-320,-300,-268,-246,-80,-80,-80,-80,-80,-84,-50,-139,-147,-298,-305,-305,-297,-293,-268,-29995,-29994]} 1. d4 Nf6 2. c4 e6 3. g3 d5 4. Nf3 Bb4+ 5. Bd2 Be7 6. Bg2 c6 7. Qc2 Nbd7 {E11: Bogo-Indian} 8. O-O b6 9. cxd5 cxd5 10. Rc1 {LiveBook: 3 Games} Bb7 11. Qb3 O-O 12. Bf4 Rc8 13. Rxc8 Qxc8 14. Nc3 {[#]} Nb8 $146 ({Predecessor:} 14... a6 15. Rc1 Qa8 16. Na4 b5 17. Nc5 Rc8 18. Nxb7 Rxc1+ 19. Bxc1 Qxb7 {½-½ (39) Lysyj,I (2643)-Xu,Y (2540) Moscow 2017}) 15. Rc1 Nc6 16. Nb5 Qa8 17. Ne5 (17. Qa4 $14) 17... Rc8 $1 $11 18. Nxc6 Rxc6 19. Rxc6 Bxc6 20. a4 Qb7 21. h4 h6 22. Qc2 a6 23. Nc3 Ne8 24. b3 Nd6 25. Nd1 Ne4 26. Nb2 Bf6 27. Be3 Nd6 28. Qd3 Nf5 29. Nd1 {[#]} (29. Bh3 $11) 29... b5 $1 $17 30. axb5 (30. a5 $17) 30... Bxb5 $19 31. Qd2 Qb6 32. Bh3 Nxe3 33. fxe3 (33. Qxe3 $142 Bxd4 34. Qd2) 33... Qc7 34. Kg2 Be7 35. Nf2 (35. Nc3 $142) 35... Bd6 36. Nh1 a5 37. Qe1 $2 (37. Qb2) 37... Bb4 38. Qd1 Qc3 39. Kf2 Bd6 40. g4 $2 (40. Bg4) 40... Ba6 41. Kf3 Bb7 42. Nf2 $2 (42. g5) 42... e5 43. Qb1 exd4 44. Qd3 {[#]} Qc7 $2 (44... dxe3 $1 {[%mdl 512]} 45. Qxc3 (45. Qxe3 d4+) 45... d4+ 46. Qc6 Bxc6+ 47. Ne4 Bd5) 45. exd4 Qe7 (45... Bg3 $19 {( -> ...Qf4+)} 46. Qe3 Bxh4) 46. Kg2 (46. h5 $17) 46... Qxh4 47. Qe3 Bc6 48. Nd3 Bd7 49. Qf3 Be6 50. Nf4 Qf6 $2 (50... Bxf4 $19 {is more deadly.} 51. Qxf4 Qe1) 51. Nxe6 $17 Qxe6 {[#]} 52. g5 $1 {[%mdl 512]} Qg6 (52... hxg5 53. Bxe6) 53. Qxd5 Be7 54. Kh2 (54. Qa8+ $15 Bf8 55. Qd5) 54... Bxg5 {Strongly threatening ...Bf4+.} 55. Bf5 $2 (55. Qa8+ $17 {keeps fighting.} Kh7 56. Qd5) 55... Bf4+ $19 56. Kh1 Qh5+ 57. Kg1 {[%cal Rd5d8]} g6 58. Bd3 $2 (58. Qa8+ $19 Kg7 59. Bd3) 58... Qxd5 {Precision: White = 29%, Black = 44%.} 0-1

[Event "RUS-ch Blitz Women 2018"]
[Site "Sochi"]
[Date "2018.10.07"]
[Round "5"]
[White "Solozhenkina, Elizaveta"]
[Black "Bodnaruk, Anastasia"]
[Result "0-1"]
[WhiteElo "2276"]
[BlackElo "2423"]
[Annotator "TA"]
[PlyCount "66"]
[EventDate "2018.10.07"]
[EventType "swiss"]
[EventCountry "RUS"]
[SourceTitle "playchess.com"]
[Source "ChessBase"]
[SourceQuality "1"]

{[%evp 14,66,58,63,65,58,101,110,131,139,190,72,84,82,100,0,0,0,13,0,0,0,-1,-39,-21,-123,57,-125,-77,-82,-85,-128,-92,-256,-72,-82,-82,-152,-207,-266,-266,-538,-513,-29983,-29983,-29995,-29996,-29996,-29985,-29985,-29986,-29994,-29993,-29997,-29998]} 1. e4 d6 2. d4 g6 3. Nf3 Bg7 4. Be2 Nf6 5. Nc3 O-O 6. O-O c6 7. Bf4 b5 8. e5 {LiveBook: 3 Games. B08: Pirc Defence: Classical System} Ne8 (8... Nh5 9. Be3 Qc7 10. exd6 exd6 11. Qd2 Nd7 12. Ng5 Nhf6 13. Bf4 Ne8 14. h4 Nb6 15. Rfe1 b4 {½-½ (51) Ghaem Maghami,E (2560)-Al Huwar,J (2275) Ashkhabad 2017}) 9. Ne4 f5 10. exf6 {White is better.} exf6 $146 ({Predecessor:} 10... Nxf6 11. Nxf6+ Rxf6 12. Bg5 Rf8 13. c3 Bb7 14. Qb3+ Kh8 15. Qe6 Nd7 {0-1 (55) Trusso Cafarello,S (1572)-Parodi,A (2053) Turin 2008}) 11. d5 {Threatens to win with dxc6.} f5 (11... Bf5 $16) 12. Nc3 (12. Nxd6 $1 $18 Nxd6 13. dxc6) 12... b4 $16 13. Na4 $1 c5 14. c3 ({White should play} 14. a3 $16) 14... bxc3 $1 $11 15. Nxc3 h6 16. h4 Nd7 17. Qd2 Kh7 18. g3 Rb8 19. Kg2 {[#]} (19. b3 $11 {keeps the balance.}) 19... Nef6 $2 (19... Ndf6 $1 $17 20. Bd3 Nc7) 20. Rab1 $2 ({Don't play} 20. Bxd6 $6 Ne4 $11) (20. h5 $1 $14 {was the only good move.}) 20... Ne4 21. Nxe4 fxe4 22. Ne1 Ne5 $36 {[%mdl 2048] Black is in control.} 23. Nc2 $2 {[#]} (23. b3 $17) 23... Qd7 $2 (23... Nd3 $1 $19 {and Black stays clearly on top. Hoping for ...Rxf4!} 24. Be3 Qd7) 24. Rh1 $17 Nf3 25. Bxf3 ({Better is} 25. Qe3) 25... exf3+ 26. Kxf3 {intending Kg2.} Be5 ({Weaker is} 26... Rxb2 27. Rxb2 Bxb2 28. Kg2 $15) ({Worse is} 26... Bxb2 27. Ne3 $16) 27. Kg2 $2 {[#]} (27. Ne3) 27... Rxf4 $1 {[%mdl 512]} 28. gxf4 (28. Ne3 $19 Rf8 29. Kg1) 28... Qg4+ {Black mates.} 29. Kf1 Ba6+ 30. Ke1 Bxf4 31. Ne3 Re8 32. Qd1 Qg2 33. Kd2 Qxf2+ {Precision: White = 23%, Black = 61%.} 0-1

[Event "RUS-ch Blitz Women 2018"]
[Site "Sochi"]
[Date "2018.10.07"]
[Round "5"]
[White "Maletina, Tatiana"]
[Black "Styazhkina, Anna"]
[Result "1-0"]
[WhiteElo "2270"]
[BlackElo "2268"]
[Annotator "ChessBase"]
[PlyCount "61"]
[EventDate "2018.10.07"]
[EventType "swiss"]
[EventCountry "RUS"]
[SourceTitle "playchess.com"]
[Source "ChessBase"]
[SourceQuality "1"]
[TimeControl "180+2"]

1. d4 {[%emt 0:00:00]} d5 {[%emt 0:00:00]} 2. c4 {[%emt 0:00:00]} c6 {[%emt 0:00:01]} 3. Nf3 {[%emt 0:00:01]} Nf6 {[%emt 0:00:01]} 4. Qc2 {[%emt 0:00:01]} g6 {[%emt 0:00:03]} 5. Bf4 {[%emt 0:00:02]} Bg7 {[%emt 0:00:02]} 6. e3 {[%emt 0:00:01]} Bf5 {[%emt 0:00:10]} 7. Qb3 {[%emt 0:00:01]} Qb6 {[%emt 0:00:02]} 8. Nc3 {[%emt 0:00:01]} Nbd7 {[%emt 0:00:11]} 9. h3 {[%emt 0:00:17]} O-O {[%emt 0:00:23]} 10. Be2 {[%emt 0:00:01]} Qxb3 {[%emt 0:00:23]} 11. axb3 {[%emt 0:00:02]} a6 {[%emt 0:00:01]} 12. O-O {[%emt 0:00:06]} Rfe8 {[%emt 0:00:09]} 13. Bh2 {[%emt 0:00:18]} h6 {[%emt 0:00:41]} 14. Rac1 {[%emt 0:00:01]} e6 {[%emt 0:00:34]} 15. g4 {[%emt 0:00:02]} Be4 {[%emt 0:00:00]} 16. Nd2 {[%emt 0:00:01]} g5 {[%emt 0:00:08]} 17. Ndxe4 {[%emt 0:00:33]} Nxe4 {[%emt 0:00:02]} 18. Nxe4 {[%emt 0:00:12]} dxe4 {[%emt 0:00:01]} 19. Rfd1 {[%emt 0:00:03]} e5 {[%emt 0:00:08]} 20. d5 {[%emt 0:00:02]} Rad8 {[%emt 0:00:16]} 21. b4 {[%emt 0:00:23]} Bf8 {[%emt 0:00:04]} 22. dxc6 {[%emt 0:00:02]} bxc6 {[%emt 0:00:03]} 23. c5 {[%emt 0:00:01]} Nb8 {[%emt 0:00:10]} 24. Rxd8 {[%emt 0:00:02]} Rxd8 {[%emt 0:00:02]} 25. Bxe5 {[%emt 0:00:01]} Rd2 {[%emt 0:00:07]} 26. Bf1 {[%emt 0:00:02]} Nd7 {[%emt 0:00:02]} 27. Bc3 {[%emt 0:00:01]} Rd5 {[%emt 0:00:03]} 28. Bc4 {[%emt 0:00:01]} Nb8 {[%emt 0:00:05]} 29. Bxd5 {[%emt 0:00:02]} cxd5 {[%emt 0:00:01]} 30. Rd1 {[%emt 0:00:02]} Nc6 {[%emt 0:00:03]} 31. Rxd5 {[%emt 0:00:01]} 1-0

[Event "RUS-ch Blitz Women 2018"]
[Site "Sochi"]
[Date "2018.10.07"]
[Round "5"]
[White "Baraeva, Marina"]
[Black "Voit, Daria"]
[Result "0-1"]
[WhiteElo "2227"]
[BlackElo "2352"]
[Annotator "ChessBase"]
[PlyCount "64"]
[EventDate "2018.10.07"]
[EventType "swiss"]
[EventCountry "RUS"]
[SourceTitle "playchess.com"]
[Source "ChessBase"]
[SourceQuality "1"]
[TimeControl "180+2"]

1. d4 {[%emt 0:00:00]} Nf6 {[%emt 0:00:00]} 2. c4 {[%emt 0:00:00]} e6 {[%emt 0:00:00]} 3. Nc3 {[%emt 0:00:01]} Bb4 {[%emt 0:00:01]} 4. Qc2 {[%emt 0:00:01]} d5 {[%emt 0:00:02]} 5. cxd5 {[%emt 0:00:04]} exd5 {[%emt 0:00:01]} 6. Bg5 {[%emt 0:00:03]} h6 {[%emt 0:00:01]} 7. Bh4 {[%emt 0:00:01]} g5 {[%emt 0:00:01]} 8. Bg3 {[%emt 0:00:01]} Ne4 {[%emt 0:00:03]} 9. e3 {[%emt 0:00:08]} h5 {[%emt 0:00:02]} 10. f3 {[%emt 0:00:26]} Nxg3 {[%emt 0:00:01]} 11. hxg3 {[%emt 0:00:02]} Qe7 {[%emt 0:00:02]} 12. Qd3 {[%emt 0:00:15]} c6 {[%emt 0:00:44]} 13. O-O-O {[%emt 0:00:35]} Be6 {[%emt 0:00:03]} 14. Nge2 {[%emt 0:00:25]} Nd7 {[%emt 0:00:02]} 15. e4 {[%emt 0:00:01]} dxe4 {[%emt 0:00:18]} 16. fxe4 {[%emt 0:00:02]} O-O-O {[%emt 0:00:03]} 17. Qc2 {[%emt 0:00:09]} Bg4 {[%emt 0:00:22]} 18. Kb1 {[%emt 0:00:16]} Rhe8 {[%emt 0:00:09]} 19. Rd2 {[%emt 0:00:14]} Nb6 {[%emt 0:00:09]} 20. a3 {[%emt 0:00:07]} Bxa3 {[%emt 0:00:34]} 21. bxa3 {[%emt 0:00:23]} Nc4 {[%emt 0:00:01]} 22. Qa2 {[%emt 0:00:04]} Nxd2+ {[%emt 0:00:04]} 23. Qxd2 {[%emt 0:00:01]} Qxa3 {[%emt 0:00:04]} 24. Nc1 {[%emt 0:00:03]} Qb4+ {[%emt 0:00:03]} 25. Kc2 {[%emt 0:00:09]} Rxd4 {[%emt 0:00:10]} 26. Qxg5 {[%emt 0:00:05]} Red8 {[%emt 0:00:03]} 27. Bd3 {[%emt 0:00:02]} a5 {[%emt 0:00:11]} 28. Qe3 {[%emt 0:00:05]} a4 {[%emt 0:00:04]} 29. N1a2 {[%emt 0:00:05]} Qb3+ {[%emt 0:00:02]} 30. Kd2 {[%emt 0:00:04]} Rxd3+ {[%emt 0:00:03]} 31. Qxd3 {[%emt 0:00:02]} Rxd3+ {[%emt 0:00:02]} 32. Kxd3 {[%emt 0:00:01]} b5 {[%emt 0:00:01]} 0-1

[Event "RUS-ch Blitz Women 2018"]
[Site "Sochi"]
[Date "2018.10.07"]
[Round "5"]
[White "Lysenko, Margarita"]
[Black "Maltsevskaya, Aleksandra"]
[Result "1/2-1/2"]
[WhiteElo "2210"]
[BlackElo "2290"]
[Annotator "NA"]
[PlyCount "209"]
[EventDate "2018.10.07"]
[EventType "swiss"]
[EventCountry "RUS"]
[SourceTitle "playchess.com"]
[Source "ChessBase"]
[SourceQuality "1"]
[TimeControl "180+2"]

1. c4 {[%emt 0:00:00]} Nf6 {[%emt 0:00:01]} 2. Nf3 {[%emt 0:00:02]} g6 {[%emt 0:00:00]} 3. g3 {[%emt 0:00:01]} Bg7 {[%emt 0:00:01]} 4. Bg2 {[%emt 0:00:02]} d6 {[%emt 0:00:01]} 5. O-O {[%emt 0:00:04]} O-O {[%emt 0:00:02]} 6. Nc3 {[%emt 0:00:01]} e5 {[%emt 0:00:01]} 7. d3 {[%emt 0:00:01]} Nc6 {[%emt 0:00:07]} 8. Bg5 {[%emt 0:00:03]} h6 {[%emt 0:00:02]} 9. Bd2 {[%emt 0:00:01]} Kh7 {[%emt 0:00:01]} 10. Rb1 {[%emt 0:00:05]} a5 {[%emt 0:00:01]} 11. a3 {[%emt 0:00:03]} Ne8 {[%emt 0:00:03]} 12. b4 {[%emt 0:00:03]} axb4 {[%emt 0:00:01]} 13. axb4 {[%emt 0:00:01]} f5 {[%emt 0:00:01]} 14. b5 {[%emt 0:00:16]} Ne7 {[%emt 0:00:02]} 15. Ne1 {[%emt 0:00:23]} Rb8 {[%emt 0:00:07]} 16. Nc2 {[%emt 0:00:02]} f4 {[%emt 0:00:18]} 17. Nb4 {[%emt 0:00:12]} Nf6 {[%emt 0:00:04]} 18. Qc2 {[%emt 0:00:27]} fxg3 {[%emt 0:00:34]} 19. hxg3 {[%emt 0:00:07]} Nf5 {[%emt 0:00:31]} 20. Nbd5 {[%emt 0:00:38]} Nxd5 {[%emt 0:00:12]} 21. cxd5 {[%emt 0:00:09]} b6 {[%emt 0:00:08]} 22. e3 {[%emt 0:00:27]} h5 {[%emt 0:00:16]} 23. Ne4 {[%emt 0:00:08]} Rf7 {[%emt 0:00:17]} 24. Qd1 {[%emt 0:00:16]} Bb7 {[%emt 0:00:07]} 25. Qe2 {[%emt 0:00:06]} Qe7 {[%emt 0:00:09]} 26. Rbc1 {[%emt 0:00:05]} Rbf8 {[%emt 0:00:02]} 27. g4 {[%emt 0:00:04]} hxg4 {[%emt 0:00:08]} 28. Qxg4 {[%emt 0:00:02]} Bh6 {[%emt 0:00:00]} 29. Bh3 {[%emt 0:00:04]} Nh4 {[%emt 0:00:05]} 30. f4 {[%emt 0:00:03]} exf4 {[%emt 0:00:18]} 31. exf4 {[%emt 0:00:01]} Bc8 {[%emt 0:00:01]} 32. Qg3 {[%emt 0:00:02]} Nf5 {[%emt 0:00:01]} 33. Bxf5 {[%emt 0:00:02]} Bxf5 {[%emt 0:00:02]} 34. Rce1 {[%emt 0:00:03]} Qd7 {[%emt 0:00:01]} 35. Ng5+ {[%emt 0:00:02]} Bxg5 {[%emt 0:00:01]} 36. fxg5 {[%emt 0:00:02]} Kg8 {[%emt 0:00:05]} 37. Bc3 {[%emt 0:00:01]} Qxb5 {[%emt 0:00:01]} 38. Qh4 {[%emt 0:00:03]} Rh7 {[%emt 0:00:03]} 39. Qd4 {[%emt 0:00:02]} Qc5 {[%emt 0:00:08]} 40. Qxc5 {[%emt 0:00:03]} bxc5 {[%emt 0:00:01]} 41. Rf3 {[%emt 0:00:01]} Rh4 {[%emt 0:00:03]} 42. Rfe3 {[%emt 0:00:01]} Rg4+ {[%emt 0:00:07]} 43. Kh2 {[%emt 0:00:01]} Rxg5 {[%emt 0:00:01]} 44. Re7 {[%emt 0:00:01]} Rh5+ {[%emt 0:00:01]} 45. Kg2 {[%emt 0:00:04]} Rg5+ {[%emt 0:00:07]} 46. Kh2 {[%emt 0:00:02]} Rh5+ {[%emt 0:00:01]} 47. Kg2 {[%emt 0:00:01]} Rg5+ {[%emt 0:00:04]} 48. Kh2 {[%emt 0:00:02]} Rh5+ {[%emt 0:00:01]} 49. Kg2 {[%emt 0:00:01]} Rh7 {[%emt 0:00:01]} 50. Rxh7 {[%emt 0:00:04]} Kxh7 {[%emt 0:00:01]} 51. Re7+ {[%emt 0:00:01]} Kg8 {[%emt 0:00:01]} 52. Rg7+ {[%emt 0:00:01]} Kh8 {[%emt 0:00:01]} 53. Rxc7+ {[%emt 0:00:01]} Kg8 {[%emt 0:00:02]} 54. Rg7+ {[%emt 0:00:02]} Kh8 {[%emt 0:00:00]} 55. Rc7+ {[%emt 0:00:04]} Kg8 {[%emt 0:00:02]} 56. Rg7+ {[%emt 0:00:02]} Kh8 {[%emt 0:00:00]} 57. Rc7+ {[%emt 0:00:02]} Kg8 {[%emt 0:00:01]} 58. Rg7+ {[%emt 0:00:03]} Kh8 {[%emt 0:00:01]} 59. Rxg6+ {[%emt 0:00:03]} Kh7 {[%emt 0:00:01]} 60. Rxd6 {[%emt 0:00:02]} Bxd3 {[%emt 0:00:05]} 61. Rd7+ {[%emt 0:00:02]} Kg6 {[%emt 0:00:01]} 62. Rc7 {[%emt 0:00:02]} c4 {[%emt 0:00:09]} 63. d6 {[%emt 0:00:02]} Be4+ {[%emt 0:00:02]} 64. Kg1 {[%emt 0:00:02]} Rd8 {[%emt 0:00:06]} 65. Rxc4 {[%emt 0:00:03]} Bd5 {[%emt 0:00:03]} 66. Rd4 {[%emt 0:00:02]} Rxd6 {[%emt 0:00:02]} 67. Bb4 {[%emt 0:00:01]} Rd7 {[%emt 0:00:01]} 68. Bc5 {[%emt 0:00:01]} Kf5 {[%emt 0:00:01]} 69. Rd2 {[%emt 0:00:03]} Rg7+ {[%emt 0:00:02]} 70. Kf2 {[%emt 0:00:02]} Ke6 {[%emt 0:00:05]} 71. Re2+ {[%emt 0:00:01]} Kf5 {[%emt 0:00:01]} 72. Bd4 {[%emt 0:00:03]} Rg2+ {[%emt 0:00:02]} 73. Ke3 {[%emt 0:00:01]} Rg4 {[%emt 0:00:01]} 74. Rf2+ {[%emt 0:00:02]} Ke6 {[%emt 0:00:02]} 75. Rf6+ {[%emt 0:00:01]} Kd7 {[%emt 0:00:00]} 76. Rh6 {[%emt 0:00:02]} Re4+ {[%emt 0:00:03]} 77. Kd3 {[%emt 0:00:01]} Rg4 {[%emt 0:00:01]} 78. Kc3 {[%emt 0:00:01]} Be6 {[%emt 0:00:03]} 79. Rf6 {[%emt 0:00:04]} Kd6 {[%emt 0:00:00]} 80. Rf2 {[%emt 0:00:02]} Rg3+ {[%emt 0:00:04]} 81. Kd2 {[%emt 0:00:03]} Kd5 {[%emt 0:00:01]} 82. Be3 {[%emt 0:00:03]} Rg4 {[%emt 0:00:02]} 83. Rf4 {[%emt 0:00:01]} Rg2+ {[%emt 0:00:04]} 84. Rf2 {[%emt 0:00:01]} Rg7 {[%emt 0:00:01]} 85. Rf4 {[%emt 0:00:02]} Rb7 {[%emt 0:00:01]} 86. Rd4+ {[%emt 0:00:01]} Ke5 {[%emt 0:00:00]} 87. Rh4 {[%emt 0:00:04]} Bf5 {[%emt 0:00:02]} 88. Rd4 {[%emt 0:00:04]} Rb2+ {[%emt 0:00:02]} 89. Ke1 {[%emt 0:00:02]} Be4 {[%emt 0:00:03]} 90. Rd2 {[%emt 0:00:01]} Rb3 {[%emt 0:00:05]} 91. Bd4+ {[%emt 0:00:02]} Kf4 {[%emt 0:00:02]} 92. Ba7 {[%emt 0:00:03]} Bd3 {[%emt 0:00:04]} 93. Rf2+ {[%emt 0:00:02]} Ke4 {[%emt 0:00:01]} 94. Rf8 {[%emt 0:00:02]} Bc4 {[%emt 0:00:02]} 95. Re8+ {[%emt 0:00:01]} Kd3 {[%emt 0:00:02]} 96. Rd8+ {[%emt 0:00:01]} Kc2 {[%emt 0:00:01]} 97. Rd2+ {[%emt 0:00:02]} Kc1 {[%emt 0:00:02]} 98. Rd4 {[%emt 0:00:03]} Bd3 {[%emt 0:00:03]} 99. Bc5 {[%emt 0:00:02]} Kc2 {[%emt 0:00:01]} 100. Rd8 {[%emt 0:00:02]} Rb5 {[%emt 0:00:02]} 101. Be3 {[%emt 0:00:03]} Rf5 {[%emt 0:00:03]} 102. Rc8+ {[%emt 0:00:01]} Kb3 {[%emt 0:00:01]} 103. Kd2 {[%emt 0:00:01]} Bb5 {[%emt 0:00:02]} 104. Rc5 {[%emt 0:00:02]} Rxc5 {[%emt 0:00:03]} 105. Bxc5 {[%emt 0:00:01]} 1/2-1/2

[Event "RUS-ch Blitz Women 2018"]
[Site "Sochi"]
[Date "2018.10.07"]
[Round "5"]
[White "Markelova, Lubov"]
[Black "Kovanova, Baira"]
[Result "1-0"]
[WhiteElo "2190"]
[BlackElo "2350"]
[Annotator "ChessBase"]
[PlyCount "85"]
[EventDate "2018.10.07"]
[EventType "swiss"]
[EventCountry "RUS"]
[SourceTitle "playchess.com"]
[Source "ChessBase"]
[SourceQuality "1"]
[TimeControl "180+2"]

1. Nf3 {[%emt 0:00:00]} Nf6 {[%emt 0:00:00]} 2. c4 {[%emt 0:00:00]} e6 {[%emt 0:00:03]} 3. Nc3 {[%emt 0:00:08]} b6 {[%emt 0:00:05]} 4. g3 {[%emt 0:00:02]} Bb7 {[%emt 0:00:01]} 5. Bg2 {[%emt 0:00:01]} Be7 {[%emt 0:00:02]} 6. O-O {[%emt 0:00:01]} O-O {[%emt 0:00:05]} 7. Re1 {[%emt 0:00:01]} d5 {[%emt 0:00:21]} 8. cxd5 {[%emt 0:00:02]} exd5 {[%emt 0:00:01]} 9. d4 {[%emt 0:00:01]} Nbd7 {[%emt 0:00:03]} 10. Bf4 {[%emt 0:00:02]} Nh5 {[%emt 0:00:06]} 11. Ne5 {[%emt 0:00:25]} Nxe5 {[%emt 0:00:19]} 12. Bxe5 {[%emt 0:00:11]} f6 {[%emt 0:00:01]} 13. Bf4 {[%emt 0:00:01]} Nxf4 {[%emt 0:00:02]} 14. gxf4 {[%emt 0:00:01]} Kh8 {[%emt 0:00:28]} 15. e3 {[%emt 0:00:15]} c6 {[%emt 0:00:05]} 16. Qh5 {[%emt 0:00:09]} Qe8 {[%emt 0:00:14]} 17. Qf3 {[%emt 0:00:13]} Qg6 {[%emt 0:00:07]} 18. Qg3 {[%emt 0:00:06]} Qh6 {[%emt 0:00:09]} 19. Qh3 {[%emt 0:00:16]} Qxh3 {[%emt 0:00:02]} 20. Bxh3 {[%emt 0:00:01]} Rad8 {[%emt 0:00:06]} 21. Rac1 {[%emt 0:00:05]} Bd6 {[%emt 0:00:06]} 22. Ne2 {[%emt 0:00:11]} g6 {[%emt 0:00:06]} 23. a3 {[%emt 0:00:16]} Kg7 {[%emt 0:00:02]} 24. Rc3 {[%emt 0:00:07]} c5 {[%emt 0:00:11]} 25. dxc5 {[%emt 0:00:20]} bxc5 {[%emt 0:00:01]} 26. Bg2 {[%emt 0:00:30]} Rfe8 {[%emt 0:00:15]} 27. b4 {[%emt 0:00:12]} cxb4 {[%emt 0:00:13]} 28. axb4 {[%emt 0:00:01]} Bxb4 {[%emt 0:00:01]} 29. Rc7+ {[%emt 0:00:01]} Re7 {[%emt 0:00:02]} 30. Rxe7+ {[%emt 0:00:05]} Bxe7 {[%emt 0:00:01]} 31. Nd4 {[%emt 0:00:01]} Kf7 {[%emt 0:00:04]} 32. Rb1 {[%emt 0:00:02]} Rd7 {[%emt 0:00:09]} 33. Rxb7 {[%emt 0:00:03]} Rxb7 {[%emt 0:00:02]} 34. Bxd5+ {[%emt 0:00:01]} Kg7 {[%emt 0:00:06]} 35. Bxb7 {[%emt 0:00:01]} a5 {[%emt 0:00:01]} 36. Bc6 {[%emt 0:00:02]} f5 {[%emt 0:00:04]} 37. Kf1 {[%emt 0:00:02]} Kf6 {[%emt 0:00:01]} 38. Ke2 {[%emt 0:00:03]} Bb4 {[%emt 0:00:01]} 39. Kd3 {[%emt 0:00:03]} Be1 {[%emt 0:00:06]} 40. f3 {[%emt 0:00:02]} g5 {[%emt 0:00:04]} 41. fxg5+ {[%emt 0:00:05]} Kxg5 {[%emt 0:00:00]} 42. Bd7 {[%emt 0:00:02]} f4 {[%emt 0:00:06]} 43. Ne6+ {[%emt 0:00:01]} 1-0

[Event "RUS-ch Blitz Women 2018"]
[Site "Sochi"]
[Date "2018.10.07"]
[Round "5"]
[White "Ivanova, Karina"]
[Black "Chernyak, Viktoria"]
[Result "1-0"]
[WhiteElo "2124"]
[BlackElo "2200"]
[Annotator "ChessBase"]
[PlyCount "56"]
[EventDate "2018.10.07"]
[EventType "swiss"]
[EventCountry "RUS"]
[SourceTitle "playchess.com"]
[Source "ChessBase"]
[SourceQuality "1"]
[TimeControl "180+2"]

1. Nf3 {[%emt 0:00:00]} d5 {[%emt 0:00:00]} 2. g3 {[%emt 0:00:01]} Nf6 {[%emt 0:00:00]} 3. Bg2 {[%emt 0:00:01]} c6 {[%emt 0:00:10]} 4. O-O {[%emt 0:00:03]} Bf5 {[%emt 0:00:04]} 5. c4 {[%emt 0:00:02]} h6 {[%emt 0:00:09]} 6. d3 {[%emt 0:00:12]} e6 {[%emt 0:00:01]} 7. cxd5 {[%emt 0:00:02]} cxd5 {[%emt 0:00:10]} 8. Nd4 {[%emt 0:00:13]} Bh7 {[%emt 0:00:05]} 9. Nc3 {[%emt 0:00:11]} Nc6 {[%emt 0:00:01]} 10. Qa4 {[%emt 0:00:15]} Qd7 {[%emt 0:00:01]} 11. Bd2 {[%emt 0:00:42]} Be7 {[%emt 0:00:15]} 12. Rac1 {[%emt 0:00:05]} O-O {[%emt 0:00:11]} 13. Nxc6 {[%emt 0:00:12]} bxc6 {[%emt 0:00:03]} 14. Rfd1 {[%emt 0:00:31]} Rab8 {[%emt 0:00:06]} 15. Qc2 {[%emt 0:00:07]} Rfc8 {[%emt 0:00:06]} 16. e4 {[%emt 0:00:03]} Qb7 {[%emt 0:00:06]} 17. b3 {[%emt 0:00:06]} Qa6 {[%emt 0:00:30]} 18. Bf4 {[%emt 0:00:03]} Ra8 {[%emt 0:00:16]} 19. Na4 {[%emt 0:00:10]} Nd7 {[%emt 0:00:11]} 20. Qe2 {[%emt 0:00:10]} Qb5 {[%emt 0:00:33]} 21. Nc3 {[%emt 0:00:05]} Qa5 {[%emt 0:00:01]} 22. exd5 {[%emt 0:00:08]} cxd5 {[%emt 0:00:03]} 23. Nxd5 {[%emt 0:00:03]} Ba3 {[%emt 0:00:10]} 24. b4 {[%emt 0:00:11]} Qa4 {[%emt 0:00:11]} 25. Ne7+ {[%emt 0:00:03]} Kf8 {[%emt 0:00:02]} 26. Rxc8+ {[%emt 0:00:02]} Rxc8 {[%emt 0:00:02]} 27. Nxc8 {[%emt 0:00:01]} Qxb4 {[%emt 0:00:01]} 28. Bd6+ {[%emt 0:00:01]} Ke8 1-0